| 000 | 01254cam a2200313 a 4500 | ||
|---|---|---|---|
| 001 | 6762895 | ||
| 003 | ARRUPE | ||
| 005 | 20160905083832.0 | ||
| 008 | 071129s2008 nyub b 001 0 eng d | ||
| 020 | _a9780567031693 | ||
| 020 | _a0567031691 | ||
| 024 | _a40015458932 | ||
| 035 | _a(OCoLC)ocn182731686 | ||
| 035 | _a(NNC)6762895 | ||
| 040 |
_aBTCTA _cBTCTA _dBAKER _dYDXCP _dIDI _dOrLoB-B |
||
| 050 | 4 | _aBS2795.3H816 | |
| 100 | 1 |
_aHorrell, David G. _922881 |
|
| 245 | 0 | 0 |
_a1 Peter / _cDavid G. Horrell |
| 260 |
_aNew York : _bT&t Clark Ltd., _c2008. |
||
| 300 |
_a[ix], 126 p. : _bmap ; _c22 cm. |
||
| 490 | 1 | _aNew Testament guides | |
| 504 | _aIncludes bibliographical references and indexes. | ||
| 505 | 0 | 0 |
_tMap of Asia Minor -- _tIntroduction: Rescuing 1 Peter -- _g1. _tWhat Kind of Text is 1 Peter? -- _g2. _tTraditions in 1 Peter -- _g3. _tThe Situation, Identity and Suffering of the Addressees of 1 Peter -- _g4. _tJewish Scriptures and Christian Identity -- _g5. _tBecoming Christian in a Hostile World -- _g6. _tAssessing 1 Peter: An Ambivalent Legacy? |
| 630 | 0 | 0 |
_aBible. _pPeter, _xCommentaries _925576 |
| 830 | 0 |
_aNew Testament guides. _925577 |
|
| 900 | _bTOC | ||
| 942 |
_2lcc _cMONOGRAPH |
||
| 948 | 1 |
_a20080721 _bc _cks26 _dMPS |
|
| 999 |
_c125177 _d125177 |
||